Os 20 jogos mais vendidos de PlayStation 2 - Statistics

Estatísticas Gerais
  • Esse quiz foi jogado 50 vezes
  • A pontuação média é 4 de 20
Estatísticas das Respostas
Posição Resposta Vendas (Mi) Ano de Lançamento % Correto
1 Grand Theft Auto: San Andreas 17,33 2004
90%
11 God of War 4,61 2005
79%
14 God of War II 4,24 2007
62%
4 Grand Theft Auto: Vice City 9,61 2002
57%
6 Grand Theft Auto III 8,00 2001
43%
3 Gran Turismo 4 11,76 2004
19%
2 Gran Turismo 3: A-Spec 14,89 2001
17%
5 Final Fantasy X 8,00 2001
12%
8 Final Fantasy XII 6,00 2006
10%
10 Kingdom Hearts 5,90 2002
7%
9 Tekken 5 6,00 2005
7%
7 Metal Gear Solid 2: Sons of Liberty 7,00 2001
5%
16 Final Fantasy X-2 4,06 2003
2%
15 Jax and Dexter: The Precursor Legacy 4,20 2001
2%
19 Kingdom Hearts II 3,89 2005
2%
12 Dragon Quest VIII: Journey of The Coursed King 4,44 2004
0%
17 EyeToy: Play 4,00 2003
0%
18 Madden NFL 2004 3,95 2003
0%
13 Madden NFL 2005 4,35 2004
0%
20 Madden NFL 2006 3,77 2005
0%
Nenhum quiz correspondente encontrado
Distribuição das Pontuações
Porcentagem de Pessoas com Cada Pontuação
Percentil de Números Respondidos
Sua Pontuação Histórica
Você não jogou esse quiz